000 01272nam a2200337Ia 4500
001 ebr10056211
003 CaPaEBR
006 m u
007 cr cn|||||||||
008 980506s1998 enka sb 001 0 eng d
010 _z 98020561
015 _aGB98-73912
020 _z0203021029
020 _z0415164648
040 _aCaPaEBR
_cCaPaEBR
035 _a(OCoLC)52121696
050 1 4 _aHQ1061
_b.O377 1998eb
245 0 0 _aOld age from antiquity to post-modernity
_h[electronic resource] /
_cedited by Paul Johnson and Pat Thane.
260 _aLondon ;
_aNew York :
_bRoutledge/LSE,
_c1998.
300 _ax, 244 p. :
_bill.
504 _aIncludes bibliographical references (p. [226]-240) and index.
533 _aElectronic reproduction.
_bPalo Alto, Calif. :
_cebrary,
_d2011.
_nAvailable via World Wide Web.
_nAccess may be limited to ebrary affiliated libraries.
650 0 _aOld age
_xHistory.
650 0 _aOld age
_xSocial aspects.
650 0 _aOlder people
_xHistory.
655 7 _aElectronic books.
_2local
700 1 _aJohnson, Paul
_q(Paul A.)
700 1 _aThane, Pat.
710 2 _aebrary, Inc.
856 4 0 _uhttp://site.ebrary.com/lib/rucke/Doc?id=10056211
_zAn electronic book accessible through the World Wide Web; click to view
999 _c173119
_d173119